| 000 | 00339nam a22001097a 4500 | ||
|---|---|---|---|
| 008 | 240730b |||||||| |||| 00| 0 eng d | ||
| 040 |
_aNational Science Library _cNational Science Library |
||
| 080 |
_a681.32:00635(038) _bM2 |
||
| 245 | _aData processing | ||
| 260 |
_aAmsterdam: _bNorth Holland Publishing Company, _c1966 |
||
| 942 |
_2udc _cBK |
||
| 999 |
_c65161 _d65161 |
||